000 01515nam a22003977a 4500
003 CHAP
005 20220817044431.0
008 110331s2008 it a rn 00010 spa d
010 _a100813
011 _a101785
035 _a112473
040 _cCHAP
082 0 4 _a338.1731
_bF21
110 2 _aFAO
245 1 0 _aPerspectivas alimentarias :
_banálisis de los mercados mundiales
_c/por FAO
260 _aRoma :
_bFAO,
_c2010-
300 _av. :
_bilus., gráfs., cuadros
505 0 _aLa biblioteca tiene : (2010 jun., nov.). -- (2011 nov.)
590 _aBATCH-UPD
_b10
_c20130110
_lUCH01
_h1031
590 _aBATCH-UPD
_b10
_c20130410
_lUCH01
_h0634
590 _aBATCH-UPD
_b10
_c20130913
_lUCH01
_h2100
590 _aCONVERSION
_b10
_c20130109
_lUCH01
_h1356
650 4 _aAgricultura
_xFinanzas.
_91486
650 4 _aCereales
_xMercadeo.
_921435
650 4 _aComercio.
_925557
650 4 _aLabranza
_xPublicaciones periódicas.
_964306
650 4 _aMercados.
_974925
650 4 _aProductos agrícolas
_xMercadeo.
_991951
650 4 _aProductos pecuarios.
_992156
901 _aBK
942 _cLIBRO
949 _a338.1731 F21
_bBC
_cFAO
_d33724002256686
_eFAO1
_f2010 nov.
_gDonaciØn
_h116682
_i112473
_sb
949 _a338.1731 F21
_bBC
_cFAO
_d33724002346132
_eFAO2
_f2011 nov. c.2
_gDonaciØn
_h117359
_i112473
_sb
949 _a338.1731 F21
_bBC
_cFAO
_d33724002347306
_eFAO1
_f2011 nov.
_gDonaciØn
_h117297
_i112473
_sb
949 _a380.1731 F21
_bBC
_cFAO
_d33724002328941
_eFAO1
_f2010 v.1
_gDonaciØn
_h114588
_i112473
_sb
999 _c100813
_d100813